Sanat - "Stadi (Alicia)" - OLGA & Isac Elliot - Statistics

Yleistilastot
  • Tätä visaa on pelattu 147 kertaa
  • Keskiarvotulos 147 / 243
Vastaustilastot
Vastaus % Oikein
stadi
96%
Stadi
96%
ku
95%
on
95%
Na
90%
na
90%
Tänä
86%
yönä
85%
naa
84%
nää
84%
NYCi
83%
mun
81%
81%
sun
79%
Sun
79%
Tää
78%
ja
76%
Ja
76%
Mut
76%
mut
76%
body
73%
koko
73%
71%
71%
me
71%
oli
69%
puhuu
69%
Siit
69%
Tääl
69%
tääl
69%
vaa
68%
kaa
67%
lähen
67%
lähin
67%
Mitä
67%
Kyl
66%
oon
66%
Oon
66%
just
64%
sait
64%
kävi
62%
kiinnostumaan
62%
nään
62%
Alicia
61%
clubi
61%
en
61%
minne
61%
oot
61%
Oot
61%
tylsää
61%
kylmä
60%
uus
60%
bitch
59%
jo
57%
pimeä
56%
Eilen
54%
missä
53%
baby
52%
Baby
52%
ollu?
52%
se
51%
Se
51%
lämmittää
50%
Tilasin
49%
et
48%
liikut
48%
miten
48%
cabin
47%
menee
47%
olin
47%
Olin
47%
täält
47%
all
46%
takas
46%
ihan
45%
New
45%
käänty
44%
night
44%
Nii
43%
stay
43%
girl
41%
Haluu
41%
päät
41%
sulle
41%
sut
41%
alas
40%
boy
40%
million
40%
dollar
39%
and
38%
ennen
38%
mesta
38%
muuta
38%
olla
38%
toit
38%
Voin
38%
bodyl
37%
Jokasel
37%
ketää
37%
mind
37%
state
37%
mennää
36%
mulle
36%
noi
36%
nousut
36%
saan
36%
tulossa
36%
we
36%
baddie
35%
of
35%
Yorkki
35%
enemmän
34%
haters
34%
Meil
34%
soi
34%
tukos
34%
lovers
32%
musa
32%
katot
31%
yeah
31%
class
30%
Kerro
30%
pinkki
30%
sisää
30%
venaa
30%
First
29%
haluut
29%
lennetää
29%
päin
29%
saavun
29%
paljon
28%
limo
26%
Ulkon
26%
pöytään
23%
tuon
23%
jatkaa
22%
Joo
22%
myöhää
18%
kävelet
17%
booth
14%
Ehtoja vastaavia visoja ei löytynyt
Tulosjakauma
Jokaisen tuloksen saaneiden osuus
Persentiili vastausten määrän mukaan
Tuloshistoriasi
Et ole pelannut tätä visaa